01388nam a2200397 a 450000100060000000300080000600500170001400600190003100700150005000800410006502000180010603500230012403500240014703500250017103500210019604000260021705000230024308000180026610000280028424500810031226000380039330000140043149000710044553301640051665000160068065000160069665000140071265000150072665100440074165100470078565100330083265500270086571000190089285600620091199900170097325898FlNmELB20241216215847.0m o d | cr cn|||||||||130608s2003 ag s 000 0 spa d z9781413576733 a(MiAaPQ)EBC3176070 a(Au-PeEL)EBL3176070 a(CaPaEBR)ebr10234550 a(OCoLC)928748099 aFlNmELBbspacFlNmELB 4aJK216bT632 2003eb a321.7(73)"18"1 aTocqueville, Alexis de.13aLa democracia en América, 2h[recurso electronico]cAlexis de Tocqueville. aSanta Fe :bEl Cid Editor,c2003. a15-550 p.0 aClásicos de la Literatura Estadounidense Carrascalejo de la Jara aRecurso electrónico. Santa Fe, Arg.: e-libro, 2015. Disponible vía World Wide Web. El acceso puede estar limitado para las bibliotecas afiliadas a e-libro. 4aDemocracia. 4aPolítica. 4aGobierno. 0aDemocracy. 0aUnited StatesxPolitics and government. 0aUnited StatesxSocial conditionsyTo 1865. 4aEstados Unidos de América. 4aLibros electrónicos.2 ae-libro, Corp.40uhttps://elibro.net/ereader/politecnicointernacional/35937 c25898d25898